000 00830nam a2200277Ia 4500
001 Para_4258
003 CHAP
008 220125s1916 xx 000 0 und d
010 _a202785
040 _cCHAP
090 _aPA FOLLETO 1499
100 _aLuginbill, Philip
_968931
245 _aThe spike-horned leaf-miner, an enemy of grains and grasses /
_c Philip Luginbill, and T. D. Urbahns
260 _aWashington :
_b Department of Agriculture
300 _a20 p.
440 _aEUA. Department of Agriculture. Bull.; 432
_9168171
650 _aAgromysa Cereales
_x Plagas
_9168172
700 _aUrbahns, T. D.
_9116820
901 _aPA FOLLETO 1499
902 _aA
905 _a0000001916 WASa 0000000000 00
910 _a1916
942 _cPARA
942 _cPARA
_d1
999 _c202785
_d202785